| 000 | 01841cam a2200313 4500 | ||
|---|---|---|---|
| 001 | ABS63842 | ||
| 008 | 000000n2001 000 0 eng u | ||
| 035 | _a(Sirsi) u112208 | ||
| 245 | _aAslam v South Bedfordshire DC | ||
| 260 | _c2001 | ||
| 490 |
_aRating and Valuation Reporter _v[2000] RVR 65-76 |
||
| 490 |
_aRating and Valuation Reporter _v{2002} RVR 16-18(17) |
||
| 520 | _aCA 21 December 2000. Claimant (A) sought compensation under Town and Country Planning Act 1971 s170 for a discontinuance order made in respect of a slaughterhouse in Bedfordshire. In September 1985 A commenced slaughter of sheep by the Hal Al method. In October 1988 council made order requiring discontinuance of premises on a slaughterhouse. In May 1989 claimant moved business elsewhere. Compensation payable from LT was determined. A contended the LT was wrong in determining the correct level of income per sheep from the sale of sheep skins. A appealed and the appeal was allowed; the figure of £5.00 per sheep skin was substituted in place of the previous £3.75. The basis of compensation and interest payable was determined by a separate CA hearing on 19 February 2001. The compensation award was assessed by applying a discounted cash flow method . | ||
| 590 | _aABS | ||
| 650 | _aASLAM V SOUTH BEDFORDSHIRE DC | ||
| 650 | _aCOMPENSATION | ||
| 650 | _aDISCONTINUANCE ORDER | ||
| 650 | _aSLAUGHTERHOUSE | ||
| 650 | _aLOSS OF PROFIT | ||
| 650 | _aSHEEP SKINS | ||
| 650 | _aTOWN AND COUNTRY PLANNING ACT 1971 S170 | ||
| 650 | _aARBITRATION ACT 1950 | ||
| 650 | _aLANDS TRIBUNAL | ||
| 650 | _aDISCOUNTED CASH FLOW | ||
| 650 | _aARBITRATION ACT 1950 S19A | ||
| 650 | _aLANDS TRIBUNAL RULES 1996 S32 | ||
| 690 | _aENVIRONMENTAL AND LAND CONSULTANCY-PLANNING AND DEVELOPMENT-COMPULSORY PURCHASE AND COMPENSATION | ||
| 942 | _n0 | ||
| 999 |
_c66826 _d66826 |
||